000 00864nam a22002777a 4500
001 BR8704280
003 BR-BrBNA
005 20230928092659.0
007 ta
008 230509b bl.||||| |||| 00| 0 por d
040 _aBR-BrBNA
_bpor
_cBiblioteca Nacional de Agricultura
041 _a(Por)
072 _aE13; E14
_b/G514
090 _ E13 BR8704280
110 1 _aDelegacia Federal de Agricultura de Pernambuco, Recife (Brasil). Secao de Programacao
_93057
245 1 _aRelatorio de avaliacao do desempenho fisico e financeiro dos projetos/atividades. Janeiro a setembro de 1983
260 3 _aRecife, PE (Brasil):
_c1983.
300 _a29 p.
500 _a29 tables
650 _aPROJETO AGRICOLA
650 _aDESENVOLVIMENTO RURAL
650 _aRECURSO ECONOMICO
650 _aPERNAMBUCO
909 _a202309
_bLucia
_c55
_dLucia Elande
942 _cBK
999 _c40569
_d40569